Einwanderung nach Schweiz nach Land - Statistiken

Allgemein
  • Dieses Quiz wurde 27 mal gespielt
  • Das Durchschnittsergebnis liegt bei 14 aus 20
Antwortstatistiken
# Personen Herkunftsland % Korrekt
327.476 Deutschland
100%
167.130 Frankreich
100%
343.817 Italien
100%
47.657 Österreich
100%
97.560 Spanien
100%
47.332 Polen
92%
71.573 Türkei
92%
22.534 Niederlande
88%
261.661 Portugal
88%
56.618 Serbien
72%
32.241 Kroatien
68%
38.577 Vereinigtes Königreich
68%
27.044 Bosnien und Herzegowina
64%
116.842 Kosovo
64%
35.841 Rumänien
64%
30.416 Ungarn
64%
24.166 Brasilien
40%
70.152 Nordmazedonien
36%
35.780 Eritrea
4%
27.215 Sri Lanka
4%
Keine übereinstimmenden Quizze gefunden
Verteilung der Resultate
Anzahl Personen mit jedem Resultat
Perzentil nach korrekt beantworteten Fragen
Ihre Resultats-Entwicklung
Sie haben dieses Quiz noch nicht gespielt